Szczegóły MARC21

Game theory and mathematical economics /

003 -Nazwa inst., której nr kontr. jest w polu 001 [,]
    • @
    • Nazwa instytucji, której n kontrolny jest w polu 001
    • NUKAT
005 -DATA I CZAS OSTATNIEJ MODYFIKACJI [,]
    • @
    • pole kontrolne
    • 20250315015618.0
040 -Instytucja sporządzająca opis [ , ]
    • a
    • Instytucja, która sporządziła opis (NP)
    • WA 35/BJ
    • c
    • Instytucja, która sporządziła rekord (NP)
    • WA 35/BJ
    • d
    • Instytucja, która zmodyfikowała rekord (P)
    • WA 35/BJ
    • d
    • Instytucja, która zmodyfikowała rekord (P)
    • WA U/RBs
    • d
    • Instytucja, która zmodyfikowała rekord (P)
    • KR U/BMigs
942 -Rodzaj dokumentu [ , ]
    • c
    • Rodzaj dokumentu
    • Książka
245 -Strefa tytułu i oznaczenia odpowiedzialności [0,0]
    • a
    • Tytuł
    • Game theory and mathematical economics / Find
    • c
    • Pozostałe elementy strefy tytułu i oznaczenia odpowiedzialności (NP)
    • eds of the vol.: Andrzej Wieczorek, Marcin Malawski, Agnieszka Wiszniewska-Matyszkiel.
260 -Strefa adresu wydawniczego [ , ]
    • a
    • Miejsce wydania (P)
    • Warszawa :
    • b
    • Nazwa wydawcy (P)
    • Instytut Matematyczny PAN,
    • c
    • Data wydania (P)
    • 2006.
300 -Strefa opisu fizycznego [ , ]
    • a
    • Określenie formy książki i/lub objętość (NP)
    • 330 s., [1] k. tabl. :
    • b
    • Oznaczenie ilustracji (NP)
    • il. ;
    • c
    • Format (NP)
    • 24 cm.
336 -Typ zawartości [ , ]
    • a
    • Termin opisujący typ zawartości
    • Tekst
    • b
    • Kod określający zawartość
    • txt
    • 2
    • Źródło (terminu i kodu)
    • rdacontent
337 -Typ mediów [ , ]
    • a
    • Tryb odtwarzania
    • Bez urządzenia pośredniczącego
    • b
    • Kod typu mediów
    • n
    • 2
    • Źródło (terminu i kodu)
    • rdamedia
338 -Typ/rodzaj nośnika [ , ]
    • a
    • Hasło opisujące typ nośnika
    • Wolumin
    • b
    • Kod typu nośnika
    • nc
    • 2
    • Źródło (terminu i kodu)
    • rdacarrier
490 -Strefa serii i książki wielotomowej - forma nie do wyszukiwania [1, ]
    • a
    • Tytuł (P)
    • Banach Center Publications ; Find
    • x
    • ISSN (NP)
    • 0137-6934 ;
    • v
    • Numeracja (P)
    • vol. 71
830 -Hasło dodatkowe serii i opisu książki wielotomowej - tytuł ujednolicony/tytuł [ ,0]
    • a
    • Tytuł ujednolicony/tytuł (NP)
    • Banach Center Publications
    • x
    • ISSN
    • 0137-6934
    • v
    • Oznaczenie tomu (NP)
    • 71
    • 9
    • KHW
    • 1157
500 -Uwaga ogólna [ , ]
    • a
    • Uwaga ogólna (NP)
    • Ze wstępu: Most of the papers in this volume have been presented at the International Conference on Game Theory and Mathematical Economics, in Memory of Jerzy Łoś, held at the International Stefan Banach Center in Warsaw, September 6-10, 2004.
504 -Uwaga dot. bibliogr. załącznikowej [ , ]
    • a
    • Uwaga dot. bibliografii załącznikowej
    • Bibiogr. przy ref.
600 -Hasło przedmiotowe w formie nazwy osobowej [1,7]
    • a
    • Nazwa osobowa
    • Łoś, Jerzy
    • d
    • Daty związane z nazwą
    • (1920-1998)
    • v
    • Określnik formalny
    • konferencje.
    • 2
    • Źródło terminu
    • kaba
    • 9
    • KHW
    • 534581
650 -Hasło przedmiotowe [ ,7]
    • a
    • Hasło przedmiotowe
    • Ekonomia matematyczna
    • v
    • Określnik formalny
    • konferencje.
    • 2
    • Źródło terminu
    • kaba
    • 9
    • KHW
    • 389584
650 -Hasło przedmiotowe [ ,7]
    • a
    • Hasło przedmiotowe
    • Teoria gier
    • v
    • Określnik formalny
    • konferencje.
    • 2
    • Źródło terminu
    • kaba
    • 9
    • KHW
    • 388742
700 -Hasło dodatkowe - nazwa osobowa [1, ]
    • a
    • Nazwa osobowa (NP)
    • Wieczorek, Andrzej Find
    • d
    • Daty biograficzne (NP)
    • (1949- ).
    • e
    • Określenie rodzaju współpracy
    • Red.
    • 9
    • KHW
    • 7966
700 -Hasło dodatkowe - nazwa osobowa [1, ]
    • a
    • Nazwa osobowa (NP)
    • Malawski, Marcin. Find
    • e
    • Określenie rodzaju współpracy
    • Red.
    • 9
    • KHW
    • 7965
700 -Hasło dodatkowe - nazwa osobowa [1, ]
    • a
    • Nazwa osobowa (NP)
    • Wiszniewska-Matyszkiel, Agnieszka. Find
    • e
    • Określenie rodzaju współpracy
    • Red.
    • 9
    • KHW
    • 534277
711 -Hasło dodatkowe - nazwa imprezy [2, ]
    • a
    • Nazwa imprezy (NP)
    • International Conference on Game Theory and Mathematical Economics, in Memory of Jerzy Łoś
    • d
    • Data imprezy (NP)
    • (2004 ;
    • c
    • Miejsce imprezy (NP)
    • Warszawa).
    • 9
    • KHW
    • 534278
Data inwentaryzacji Lokalizacja Status udost. Sygnatura Numer inwentarzowy
2006-05-29BG1N.18821/71N.18857